000 00355nam a22001217a 4500
999 _c717
_d717
005 20200817151427.0
008 200817b ||||| |||| 00| 0 eng d
020 _a0415000238
040 _cCML
245 _aAids and the Good Society.
_cillingworth, P.
260 _aLondon
_bRoutledge
_c1990
942 _2ddc
_cBK
_e1st Edition
_h362.196978
_mILL